00467nam a2200157Ia 4500008004100000020001300041082001400054100001700068245005400085250000700139260004400146300002900190500001900219600002100238650005000259240925s9999 xx 000 0 und d a47142901 a005.1 BRA aBraude, Eric 0aSoftware Design: from programming to architecture aNA aNew Jersey:bJohn wiley & Sonsc,2004. axii,393p.bN.AfOriginal aIncludes Index aComputer Science aComputer science, information & general works